000 01033nas a2200337 4500
001 BR2015000196
003 BR-BrBNA
005 20231205124910.0
007 ta
008 230509b bl.|||p| |||| 00| 00por d
040 _aBR-BrBNA
_bpor
_cBiblioteca Nacional de Agricultura
041 _a(Pt)
072 _aQ04; E70 ; F30
100 1 _aOliveira, A.F. de
100 1 _aSilva, L.F. de O. da
100 1 _aGonçalves, E.D.
100 1 _aSanta-Cecília, L.V.C.
100 1 _aMequita, H.A. de
100 1 _aAlvarenga, A.A.
245 1 _aOrganização da pesquisa e resultados impactantes para olivicultura
650 _aAZEITONA
650 _aPROCESSAMENTO
650 _aAZEITE
650 _aVARIEDADE
650 _aPESQUISA
650 _aGENÓTIPO
650 _aMERCADO
773 0 _tInforme Agropecuário - Empresa de Pesquisa Agropecuária de Minas Gerais (Brazil)
_xISSN 0100-3364
_g(2014), v. 35(special number) p. 46-55
_wBR2015000196
909 _a202311
_bLúcia
_c55
_dLúcia Elande
942 _2AGRIS
_n0
_cANA
999 _c241503
_d241503